Statistics for Countries that Produce the Most Coconuts

Click here to take the quiz!

General Stats

  • This quiz has been taken 26 times
  • The average score is 13 of 20

Answer Stats

Production
(metric tonnes)
Country % Correct
18,983,378Indonesia
88%
2,342,942Brazil
88%
517,589Malaysia
88%
895,000Thailand
88%
14,049,131Philippines
84%
11,469,837India
84%
309,533China
84%
1,499,228Vietnam
84%
1,158,978Mexico
80%
545,620Myanmar
76%
263,380Jamaica
72%
288,615Nigeria
68%
1,202,792Papua New Guinea
60%
555,734Tanzania
56%
383,960Ghana
56%
2,575,230Sri Lanka
56%
390,939Dominican Republic
52%
242,406Mozambique
44%
317,682Solomon Islands
16%
350,406Vanuatu
8%

Score Distribution

Percentile by Number Answered

Percent of People with Each Score

Your Score History

You have not taken this quiz